00475cam a2200133u 4500082002700000100004400027245003000071260010000101300002600201526003700227650002200264650000800286650004700294 a621.56bPITcL-8, P-162 aYate Pitts, Geofrey. [from old catalog]10aRefrigeration insulation. aLondon,bPublished on behalf of the Institute of Refrigeration by Modern Refrigerationc[1951?] a47 p.billus.c22 cm. a0b0c0d621_560000000000000_PIT 0aInsulation (Heat) 0aMCE 0aRefrigeration and refrigerating machinery.